Quiz Culture Générale Lokoboca - Statistiques

Statistiques générales
  • Ce quiz a été pris 26 fois
    25 depuis la dernière actualisation
  • Le résultat moyen est 12 sur 21
Statistiques - réponses
Question Réponse % Correct
Auteur de 27 buts lors de la saison 2023 - 2024 Louis Loisel
89%
Nom du coach (Leader suprême) Manu El Loko
89%
Année de l'exclusion aux JISPO 2025
83%
Connu pour le petit jaune dans le peignoire et le Ricard sous la baignoire Nico Delpech
83%
Nom de la terre sainte de l'équipe sakro-saint UFRAPS
83%
Pourcentage de victoire dans l'histoire du derby contre Lyon 100%
78%
Date de la dernière victoire aux JISPO 2018
78%
Nom de la compétition à l'époque Crit'
72%
Némésis du prolétaire précédent, ce joueur est adepte de la clope d'avant match et de la troisième mi-temps Kritard
72%
Tenant du titre de ce statut Arnaud Rigard
61%
Ennemis kapitalistes transhumanistes INP
61%
Artefact transmis années après années entre héritiers de ce titre Short 38
56%
Il se dévoue à la kause du haut de son corps de fier prolétaire Stakhanoviste
56%
Premier porteur historique de cet artefact Malo Chollet
50%
Nom de la secrète troisième faction du kokollektif Boko Isérois
44%
Seule équipe vaincue dans la compétition depuis Toulouse
44%
Mouvement paramilitaire affilié au Lokoboca Cosa Nostr'Alpes
39%
Nom donné au joueur désigné chaque semaine par le système de délation interne du kokollektif, depuis 2025 Social-traître
33%
Mythique Erasmus dont la carrière s'est brutalement stopée après s'être fait découper par un journaliste Jaap
28%
Mesure administrative d'éloignement des terrains OQTU (Obligation de Quitter le Territoire de l'UFRAPS)
17%
Ce qu'échangent traditionnellement les capitaines du Loko et du Boca en milieu d'année Un ballon (Boca) et une balle de ping pong (Loko)
11%
Aucun quiz correspondant
Distribution des résultats
% des personnes avec chaque résultat
Percentile par nombre de réponses
Votre historique - résultats
Vous n’avez pas pris ce quiz depuis la dernière actualisation